| 000 | 00978nam a22001937a 4500 | ||
|---|---|---|---|
| 005 | 20240806164310.0 | ||
| 010 | _aB-760177 CHHN | ||
| 020 |
_a9788194699439 _c80.00 |
||
| 035 | _aB-760177 | ||
| 037 | _b उपहार | ||
| 082 |
_a821 _b1 |
||
| 100 |
_aसतीश चन्द्र भगत _969642 |
||
| 245 |
_aनन्ही टोली / _cसतीश चन्द्र भगत |
||
| 260 |
_aराजस्थान _bरंगमंच प्रकाशन _c2021 |
||
| 270 |
_aदशहरा मैदान, स्टेज के पीछे, गंगापुर सिटी, जिला-सवाईमाधोपुर _bराजस्थान _e322201 |
||
| 300 |
_a47 पृष्ठ _c22सेमी (अजिल्द) _bसचित्र |
||
| 942 |
_cCH _h821 _2ddc _mसतीश |
||
| 999 |
_c204912 _d204912 |
||